Možnosti regulácie zisku podniku prostredníctvom využitia analýzy citlivosti

Zabezpečenie ekonomickej efektívnosti podniku výškou dosahovaného zisku. Charakteristika analýzy citlivosti. Praktická aplikácia využitia analýzy citlivosti vo firme. Citlivosť objemu predaja, predajnej ceny, variabilných nákladov, fixných nákladov.

Salvato in:
Dettagli Bibliografici
Autore principale: Teplická, Katarína
Natura: Capitolo di libro
Lingua:slovacco
Soggetti:
Tags: Aggiungi Tag
Nessun Tag, puoi essere il primo ad aggiungerne!!

MARC

LEADER 00000naa$a2200000$$$4500
001 0055565
005 20231116120142.3
041 0 |a slo 
044 |a SK 
245 1 0 |a Možnosti regulácie zisku podniku prostredníctvom využitia analýzy citlivosti  |c Katarína Teplická 
520 |a Zabezpečenie ekonomickej efektívnosti podniku výškou dosahovaného zisku. Charakteristika analýzy citlivosti. Praktická aplikácia využitia analýzy citlivosti vo firme. Citlivosť objemu predaja, predajnej ceny, variabilných nákladov, fixných nákladov. 
610 2 0 |a efektívnosť ekonomická 
610 2 0 |a zisk podnikový 
610 2 0 |a analýza citlivosti 
610 2 0 |a predaj 
610 2 0 |a náklady fixné 
610 2 0 |a náklady variabilné 
100 1 |a Teplická, Katarína